[Event "Druzynowe Mistrzostwa Polski Juniorow - II liga"]
[Site "Sypniewo k. Jastrowia"]
[Date "2023-06-14"]
[Round "1.25"]
[White "Halhoul, Adam"]
[Black "Wilgosz, Szczepan"]
[Result "1-0"]
[WhiteTitle "I"]
[BlackTitle "I"]
[WhiteElo "1759"]
[BlackElo "1650"]

1. Nf3 2. d5 3. g3 4. Nf6 5. Bg2 6. c6 7. d3 8. Bg4 9. O-O 10. Nbd7 11. c4 12.
e5 13. cxd5 14. Nxd5 15. Nc3 16. Bd6 17. Ng5 18. Nxc3 19. bxc3 20. Be7 21. Ne4
22. Be6 23. a4 24. O-O 25. Ba3 26. f5 27. Nd6 28. Rb8 29. Qb1 30. Nf6 31. Nc4
32. Bxc4 33. dxc4 34. Bxa3 35. Rxa3 36. Nd7 37. Rd1 38. Qe7 39. Ra2 40. Nb6 41.
Rad2 42. Nxa4 43. Rd7 44. Qc5 45. Rxb7 46. Nb6 47. Rxb8 48. Rxb8 49. Qxf5 50.
Rf8 51. Qe6+ 52. Kh8 53. e3 54. Qxc4 55. Qe7 56. Rg8 57. Qxa7 58. Na4 59. Bf1
60. Qb3 61. Rd3 62. Nb2 63. Rd7 64. Qxc3 65. Qa6 66. Qc2 67. Qa5 68. Rf8 69. Rd2
70. Qb3 71. Qxe5 72. Nd1 73. Qd6 74. Qf7 75. Rxd1 76. Qxf2+ 77. Kh1 78. h6 79.
Bg2 80. Re8 81. e4 82. Qe2 83. Rf1 84. Kh7 85. Qxc6 86. Rd8 87. Qc5 88. Rd2 89.
Qf5+ 90. Kg8 91. Qf7+ 92. Kh7 93. Qf3 94. Qc4 95. e5 96. Re2 97. Qf4 98. Qc2 99.
Qf5+ 100. Qxf5 101. Rxf5 102. Re1+ 103. Bf1 104. Kg6 105. g4 106. h5 107. h3 108.
hxg4 109. hxg4 110. Kh6 111. Rh5+ 112. Kg6 113. Kg2 114. Re3 115. Kf2 116. Ra3
117. Rf5 118. Rc3 119. e6 120. Rc6 121. Re5 122. Rc8 123. g5 1-0

[Event "Druzynowe Mistrzostwa Polski Juniorow - II liga"]
[Site "Sypniewo k. Jastrowia"]
[Date "2023-06-14"]
[Round "1.26"]
[White "Marek, Grzegorz"]
[Black "Bednarczyk, Mateusz"]
[Result "0-1"]
[WhiteTitle "I"]
[BlackTitle "I"]
[WhiteElo "1651"]
[BlackElo "1681"]

1. b3 2. Nf6 3. Bb2 4. e6 5. e3 6. d5 7. Nf3 8. Be7 9. Be2 10. c6 11. O-O 12. O-O
13. d3 14. Nbd7 15. c4 16. b6 17. Nbd2 18. Bb7 19. Qc2 20. Rc8 21. Rac1 22. Re8
23. Qb1 24. Nf8 25. Ne5 26. N6d7 27. Nxd7 28. Qxd7 29. Nf3 30. Ng6 31. d4 32.
c5 33. Rfd1 34. Bd6 35. cxd5 36. exd5 37. Bd3 38. Qe7 39. Bf5 40. Rcd8 41. Rd2
42. Nf8 43. Ne1 44. g6 45. Bd3 46. Ne6 47. Nf3 48. Ng5 49. Be2 50. Ne4 51. Rdd1
52. Nxf2 53. Kxf2 54. Qxe3+ 55. Kf1 56. Qxe2+ 57. Kg1 58. Qe3+ 59. Kh1 60. Qh6
61. Re1 62. Re4 63. dxc5 64. bxc5 65. Rxe4 66. dxe4 67. Ne5 68. Qh5 69. Rd1 70.
f6 71. g4 72. Qh3 73. Qc2 74. fxe5 75. Bxe5 76. Qf3+ 77. Kg1 78. Qxg4+ 79. Bg3
80. Qe6 81. Qc3 82. Be7 83. Rxd8+ 84. Bxd8 0-1

[Event "Druzynowe Mistrzostwa Polski Juniorow - II liga"]
[Site "Sypniewo k. Jastrowia"]
[Date "2023-06-14"]
[Round "1.27"]
[White "Sakharchuk, Aliaksandr"]
[Black "Zajadlak, Milosz"]
[Result "1-0"]
[WhiteTitle "II+"]
[BlackTitle "II"]
[WhiteElo "1509"]
[BlackElo "1290"]

1. e4 2. c5 3. Nf3 4. Nc6 5. d4 6. cxd4 7. Nxd4 8. Nf6 9. Nc3 10. e5 11. Ndb5 12.
d6 13. Nd5 14. Nxd5 15. exd5 16. Nb8 17. a4 18. Be7 19. Bd3 20. O-O 21. O-O 22.
a6 23. Na3 24. a5 25. f4 26. f5 27. Nb5 28. Bf6 29. c3 30. Na6 31. Be3 32. b6
33. fxe5 34. Bxe5 35. Bd4 36. Qg5 37. Qf3 38. Bb7 39. Rae1 40. f4 41. Qe4 42.
Bxd4+ 43. Nxd4 44. Bxd5 45. Qxh7+ 46. Kf7 47. Be4 48. Bxe4 49. Rxe4 50. Rh8 51.
Rfxf4+ 52. Qf6 53. Rxf6+ 54. Kxf6 55. Qf5# 1-0

[Event "Druzynowe Mistrzostwa Polski Juniorow - II liga"]
[Site "Sypniewo k. Jastrowia"]
[Date "2023-06-14"]
[Round "1.28"]
[White "Wasilko, Szymon"]
[Black "Nagly, Krzysztof"]
[Result "0-1"]
[WhiteTitle "II"]
[BlackTitle "II"]
[WhiteElo "1149"]
[BlackElo "1459"]

1. e4 2. c5 3. Nf3 4. Nc6 5. c3 6. d5 7. exd5 8. Qxd5 9. d4 10. Bg4 11. Be2 12.
e6 13. O-O 14. Nf6 15. Be3 16. cxd4 17. cxd4 18. Be7 19. Nc3 20. Qa5 21. h3 22.
Bh5 23. Qb3 24. O-O 25. Qxb7 26. Rfc8 27. Qa6 28. Qb4 29. Bb5 30. Bxf3 31. gxf3
32. Nxd4 33. Bxd4 34. Qxd4 35. Bc6 36. Rab8 37. Bb7 Rc5 38. Rad1 39. Rg5+ 40.
Kh2 41. Qf4+ 42. Kh1 43. Qh4 44. Kh2 45. Rh5 46. Kg1 47. Qxh3 48. f4 49. Qh2#
0-1

[Event "Druzynowe Mistrzostwa Polski Juniorow - II liga"]
[Site "Sypniewo k. Jastrowia"]
[Date "2023-06-14"]
[Round "1.29"]
[White "Nagly, Malgorzata"]
[Black "Pietrzak, Emilia"]
[Result "0-1"]
[WhiteTitle "II"]
[BlackTitle "I+"]
[WhiteElo "1021"]
[BlackElo "1456"]

1. d4 2. d5 3. c4 4. e6 5. Nf3 6. Nf6 7. Nc3 8. Be7 9. Bg5 10. O-O 11. e3 12. h6
13. Bh4 14. b6 15. Bd3 16. Bb7 17. O-O 18. Nbd7 19. Rc1 20. c5 21. cxd5 22. Nxd5
23. Bxe7 24. Qxe7 25. Qe2 26. Rac8 27. a3 28. cxd4 29. Nxd5 30. Bxd5 31. Nxd4
32. Ne5 33. Ba6 34. Bb7 35. Bxb7 36. Qxb7 37. Rfd1 38. Rfd8 39. Nb5 40. a6 41.
Rxc8 42. Qxc8 43. Nc3 44. b5 45. Rxd8+ 46. Qxd8 47. h3 48. Qd3 49. Qxd3 50. Nxd3
51. b3 52. Kf8 53. Kf1 54. Ke7 55. Ne4 56. f5 57. Nd2 58. Kd6 59. Ke2 60. Nc5
61. Kf3 62. g5 63. e4 64. Ke5 65. exf5 66. exf5 67. Ke3 68. f4+ 69. Kf3 70. h5
71. g4 72. fxg3 73. fxg3 74. Ne6 75. a4 76. Nd4+ 77. Ke3 78. Nf5+ 79. Kf3 80.
Nd6 81. axb5 82. axb5 83. Ke3 84. g4 85. h4 86. Nf5+ 87. Kf2 88. Kd4 89. Nb1 90.
Kd3 91. Na3 92. Nd6 93. Ke1 94. b4 95. Nb1 96. Ne4 0-1

[Event "Druzynowe Mistrzostwa Polski Juniorow - II liga"]
[Site "Sypniewo k. Jastrowia"]
[Date "2023-06-14"]
[Round "1.30"]
[White "Gorska, Amelia"]
[Black "Popczynska, Michalina"]
[Result "1/2-1/2"]
[WhiteTitle "I"]
[BlackTitle "I"]
[WhiteElo "1216"]
[BlackElo "1457"]

1. e4 2. c5 3. Nf3 4. Nc6 5. d4 6. cxd4 7. Nxd4 8. g6 9. Nc3 10. Bg7 11. Be3 12.
Nf6 13. Bc4 14. O-O 15. O-O 16. d6 17. h3 18. Bd7 19. Bb3 20. Nxd4 21. Bxd4 22.
a5 23. a4 24. Bc6 25. e5 26. dxe5 27. Bxe5 28. Nd7 29. Bxg7 30. Kxg7 31. Bd5 32.
Qc7 33. Bxc6 34. Qxc6 35. Qd5 36. Qxd5 37. Nxd5 38. e6 39. Ne3 40. Rfd8 41. Rad1
42. Nb6 43. b3 44. h5 45. Rxd8 46. Rxd8 47. Rd1 48. Rxd1+ 49. Nxd1 50. Kf6 51.
Kf1 52. Ke5 53. Ke2 54. Nd5 55. Ne3 56. Kd4 57. Nxd5 58. exd5 59. Kd2 60. Kc5
61. c3 62. d4 63. Kd3 64. dxc3 65. Kxc3 66. g5 67. g3 68. f6 69. g4 70. h4 71.
f3 72. b6 73. Kc2 74. Kd4 75. Kd2 76. Ke5 77. Ke2 78. f5 79. Ke3 80. f4+ 81. Kd3
82. Kd5 83. Kc3 84. Kc5 85. Kc2 86. b5 87. axb5 88. Kxb5 89. Kb2 90. Kc6 91. Kc2
92. Kd6 93. Kd2 94. Kc6 95. Kc2 96. Kb6 97. Kb2 98. Kc5 99. Kc3 100. Kb5 101.
Kb2 102. Kb4 1/2-1/2

[Event "Druzynowe Mistrzostwa Polski Juniorow - II liga"]
[Site "Sypniewo k. Jastrowia"]
[Date "2023-06-14"]
[Round "1.31"]
[White "Stanislawski, Karol"]
[Black "Kulig, Pawel"]
[Result "0-1"]
[WhiteTitle "I"]
[BlackTitle "I"]
[WhiteElo "1758"]
[BlackElo "1969"]

1. d4 2. Nf6 3. Nf3 4. g6 5. g3 6. d5 7. Bg2 8. Bg7 9. O-O 10. O-O 11. c4 12. c6
13. b3 14. dxc4 15. bxc4 16. c5 17. Bb2 18. Qb6 19. Qc1 20. cxd4 21. Nxd4 22.
Bd7 23. Nd2 24. Nc6 25. e3 26. Rfd8 27. Rb1 28. Qa6 29. Bc3 30. Nxd4 31. exd4
32. Rab8 33. Qb2 34. Bf5 35. Rbc1 36. b5 37. a3 38. bxc4 39. Qa2 40. Bd3 41. Rfe1
42. e6 43. Bf1 44. Nd5 45. Bxd3 46. cxd3 47. Ba1 48. Nb4 49. Qc4 50. Qxc4 51.
Rxc4 52. Nc2 53. Rd1 54. Nxa1 55. Rxa1 56. Bxd4 57. Rd1 58. Rb2 59. Ne4 60. Rc2
61. Rb4 62. Bb6 63. Rf1 64. d2 65. Rbb1 66. h6 0-1

[Event "Druzynowe Mistrzostwa Polski Juniorow - II liga"]
[Site "Sypniewo k. Jastrowia"]
[Date "2023-06-14"]
[Round "1.32"]
[White "Ochalik, Filip"]
[Black "Gorecki, Michal"]
[Result "1-0"]
[WhiteTitle "I"]
[BlackTitle "II+"]
[WhiteElo "1697"]
[BlackElo "1509"]

1. d4 2. d5 3. c4 4. c6 5. Nc3 6. Nf6 7. Nf3 8. a6 9. cxd5 10. cxd5 11. Bg5 12.
Nc6 13. e3 14. b5 15. Rc1 16. Bb7 17. Bd3 18. e6 19. O-O 20. Rc8 21. e4 22. Be7
23. Bxf6 24. Bxf6 25. exd5 26. exd5 27. Re1+ 28. Ne7 29. Qb3 30. Qd6 31. a4 32.
b4 33. Nxd5 34. Bxd5 35. Rxc8+ 36. Kd7 37. Rc4 38. Bxc4 39. Qxc4 40. a5 41. Qb5+
42. Qc6 43. Qxa5 44. Qd6 45. Bb5+ 46. Nc6 47. Qa7+ 48. Kd8 49. Qb6+ 50. Kd7 51.
Qb7+ 52. Qc7 53. Bxc6+ 54. Kd8 55. a5 56. Qxb7 57. Bxb7 58. Kc7 59. a6 Kb6 60.
b3 61. Rd8 62. d5 63. Rd7 64. Re4 65. Bc3 66. Ne5 67. Rc7 68. Nc4+ 69. Ka7 70.
d6 71. Rd7 72. Re7 1-0

[Event "Druzynowe Mistrzostwa Polski Juniorow - II liga"]
[Site "Sypniewo k. Jastrowia"]
[Date "2023-06-14"]
[Round "1.33"]
[White "Szeszycki, Jan"]
[Black "Futyma, Dawid"]
[Result "1/2-1/2"]
[WhiteTitle "II"]
[BlackTitle "I"]
[WhiteElo "1218"]
[BlackElo "1685"]

1. e4 2. c5 3. Nf3 4. Nc6 5. d4 6. cxd4 7. Nxd4 8. e5 9. Nb5 10. d6 11. N1c3 12.
a6 13. Na3 14. b5 15. Nd5 16. Nge7 17. Bg5 18. h6 19. Bxe7 20. Bxe7 21. c3 22.
Be6 23. Nc2 24. O-O 25. a4 26. bxa4 27. Rxa4 28. a5 29. Bc4 30. Kh8 31. Nxe7 32.
Qxe7 33. O-O 34. Rfd8 35. Ne3 36. Qb7 37. Qc2 38. Bxc4 39. Rxc4 40. Ne7 41. Rd1
42. d5 43. exd5 44. Nxd5 45. Nxd5 46. Rxd5 47. Rxd5 48. Qxd5 49. Ra4 50. Rb8 51.
Ra1 52. e4 53. h3 54. f5 55. Qa4 56. Rxb2 57. Qxa5 58. Rb1+ 59. Kh2 60. Qd6+ 61.
g3 62. Rxa1 63. Qxa1 64. Qd2 65. Kg1 66. e3 67. fxe3 68. Qxe3+ 69. Kg2 70. Qe2+
71. Kg1 72. Qf3 73. Qe1 74. h5 75. h4 76. Kh7 77. Kh2 78. f4 79. gxf4 80. Qxf4+
81. Qg3 82. Qd2+ 83. Kg1 84. Qd1+ 85. Kg2 1/2-1/2

[Event "Druzynowe Mistrzostwa Polski Juniorow - II liga"]
[Site "Sypniewo k. Jastrowia"]
[Date "2023-06-14"]
[Round "1.35"]
[White "Oszutowska, Anna"]
[Black "Siwak, Aleksandra"]
[Result "1-0"]
[WhiteTitle "I"]
[BlackTitle "II"]
[WhiteElo "1369"]
[BlackElo "1172"]

1. e4 2. c5 3. Nf3 4. g6 5. d4 6. cxd4 7. Nxd4 8. Nc6 9. c4 10. Bg7 11. Be3 12.
Nf6 13. Nc3 14. Ng4 15. Qxg4 16. Nxd4 17. Bxd4 18. Bxd4 19. Qg3 20. O-O 21. O-O-O
22. Qb6 23. f4 24. Bf2 25. Qf3 26. Qe3+ 27. Kb1 28. Qxf3 29. gxf3 30. e6 31. Nb5
32. b6 33. Nd6 34. Ba6 35. Rd3 36. Rfd8 37. Be2 38. Rab8 39. b4 40. Kf8 41. Ra3
42. Ke7 43. Rd1 44. Bb7 45. Rxa7 46. Ba8 47. Rd3 b5 48. c5 49. Bg1 50. h3 51.
Bh2 52. Rd1 53. Bc6 54. Ra5 55. Bxf4 56. Nxb5 57. Bxb5 58. Rxb5 59. Rxb5 60. Bxb5
61. d6 62. c6 63. d5 64. exd5 65. exd5 66. Kc2 67. Kf6 68. a4 69. d4 70. Kd3 71.
Be5 72. Rc1 Bc7 73. Bc4 74. Ra8 75. Ra1 76. Rb8 77. b5 78. Ra8 79. Ra2 80. Bb6
81. Bb3 82. Ra7 83. Kc4 84. Ke5 85. Kb4 86. Ba5+ 87. Kc5 88. Bc7 89. a5 Rxa5 90.
Rxa5 91. Bxa5 92. b6 93. Bb4+ 94. Kxb4 95. Kd6 96. Kb5 f5 97. c7 98. Kd7 99. Be6+
100. Kxe6 101. c8=Q+ 102. Ke5 103. b7 1-0

[Event "Druzynowe Mistrzostwa Polski Juniorow - II liga"]
[Site "Sypniewo k. Jastrowia"]
[Date "2023-06-14"]
[Round "1.36"]
[White "Pawlikowska, Ewa"]
[Black "Lukasik, Aleksandra"]
[Result "1-0"]
[WhiteTitle "I"]
[BlackTitle "I"]
[WhiteElo "1325"]
[BlackElo "1252"]

1. e4 2. d6 3. d4 4. Nf6 5. Nc3 6. Nbd7 7. Nf3 8. e5 9. Bc4 10. Be7 11. O-O 12.
c6 13. Bb3 14. Qc7 15. Re1 16. h6 17. h3 18. Nf8 19. Be3 20. g5 21. d5 22. Ng6
23. dxc6 24. bxc6 25. Nd2 26. Nf4 27. Bxf4 28. gxf4 29. Nc4 30. Rg8 31. Qd3 32.
Nh7 33. Kh2 34. Rg6 35. Rad1 36. h5 37. Qe2 38. h4 39. Rd3 40. Ba6 41. Red1 42.
O-O-O 43. R3d2 44. Kb8 45. a4 46. Rdg8 47. f3 48. Nf6 49. Ba2 50. Rd8 51. b4 52.
d5 53. exd5 54. cxd5 55. Nxd5 56. Nxd5 57. Rxd5 58. Rxd5 59. Rxd5 60. e4 61. Rd2
62. exf3 63. gxf3 64. Re6 65. Qf1 66. Bxb4 67. Qb1 68. Bxc4 69. Qxb4+ 70. Rb6
71. Qxc4 72. Qxc4 73. Bxc4 74. Rb4 75. Bb3 76. Kc7 77. Rd5 78. Kc6 79. Rh5 80.
f6 81. Rxh4 82. Kd6 83. Rh7 84. a6 85. h4 86. Ke5 87. h5 88. Kf5 89. h6 90. Kg6
91. Rh8 92. Rb6 93. h7 94. Kg7 95. Re8 96. Kxh7 97. Re6 98. Rxe6 99. Bxe6 100.
Kg7 101. c4 102. Kf8 103. c5 104. Ke7 105. Bc4 106. a5 107. c6 108. Kd6 109. Bb5
110. f5 111. Kh3 112. Kc7 113. Kh4 114. Kd6 115. Kg5 116. Kc7 117. Kxf4 118. Kb6
119. Kxf5 120. Kc7 121. Ke6 122. Kd8 123. Kd6 124. Kc8 125. c7 126. Kb7 127. Kd7
128. Ka8 129. c8=Q+ 130. Ka7 131. Qa6+ 132. Kb8 133. Qb6+ 134. Ka8 135. Bc6# 1-0

[Event "Druzynowe Mistrzostwa Polski Juniorow - II liga"]
[Site "Sypniewo k. Jastrowia"]
[Date "2023-06-14"]
[Round "1.37"]
[White "Stepinski, Piotr"]
[Black "Kotula, Pawel"]
[Result "1-0"]
[WhiteTitle "I"]
[BlackTitle "I"]
[WhiteElo "1845"]
[BlackElo "1798"]

1. e4 2. c5 3. Nf3 4. e6 5. d4 6. cxd4 7. Nxd4 8. Nf6 9. Nc3 10. Nc6 11. Nxc6 12.
bxc6 13. e5 Nd5 14. Ne4 15. Qc7 16. f4 17. Rb8 18. c4 19. Bb4+ 20. Ke2 21. O-O
22. a3 23. Be7 24. cxd5 25. cxd5 26. Nd6 27. f6 28. Nxc8 29. Rfxc8 30. exf6 31.
Bxf6 32. Rb1 33. Qc5 34. Kf3 35. e5 36. g3 37. e4+ 38. Kg2 39. d4 40. b4 41. Qd5
42. Kh3 43. Kh8 44. Bb2 45. a5 46. Rc1 47. Rxc1 48. Bxc1 49. axb4 50. axb4 51.
Rxb4 52. Qg4 53. d3 54. Bg2 55. d2 56. Bxd2 57. Qxd2 58. Rd1 59. Qe3 60. Qxd7
61. Rb8 62. Qd6 63. Rg8 64. Qe6 65. Qe2 66. Rd5 67. e3 68. Rf5 69. Bb2 70. Qxg8+
1-0

[Event "Druzynowe Mistrzostwa Polski Juniorow - II liga"]
[Site "Sypniewo k. Jastrowia"]
[Date "2023-06-14"]
[Round "1.38"]
[White "Jania, Kamil"]
[Black "Haladaj, Adam"]
[Result "0-1"]
[WhiteTitle "II"]
[BlackTitle "I"]
[WhiteElo "1130"]
[BlackElo "1620"]

1. e4 2. c5 3. Nf3 4. Nc6 5. Bb5 6. g6 7. Bxc6 8. dxc6 9. d3 10. Bg7 11. h3 12.
Nf6 13. Nc3 14. Nd7 15. Be3 16. e5 17. O-O 18. b6 19. Nh2 20. Nf8 21. f4 22. exf4
23. Bxf4 24. Ne6 25. Bg3 26. Nd4 27. e5 28. Be6 29. Ne2 30. Nf5 31. Nf3 32. Ne3
33. Bh4 34. Qc7 35. Qc1 36. Nxf1 37. Qxf1 38. h6 39. Nc3 40. g5 41. Bg3 42. O-O-O
43. Ne4 44. Qe7 45. Nd6+ 46. Rxd6 47. exd6 48. Qd7 49. Be5 50. Bxe5 51. Nxe5 52.
Qxd6 53. Nxf7 54. Qd4+ 55. Kh1 56. Rf8 57. Nd6+ 58. Qxd6 59. Qe2 60. Kd7 61. a3
62. Rf6 63. Re1 64. Qf4 65. c3 66. Qf2 67. Qe4 68. Qf5 69. Qe2 70. g4 71. hxg4
72. Qxg4 73. Qd2 74. Qg3 75. d4 76. Rf2 0-1

[Event "Druzynowe Mistrzostwa Polski Juniorow - II liga"]
[Site "Sypniewo k. Jastrowia"]
[Date "2023-06-14"]
[Round "1.39"]
[White "Gawlik, Olivier"]
[Black "Reterski, Wiktor"]
[Result "1-0"]
[WhiteTitle "II+"]
[BlackTitle "II"]
[WhiteElo "1530"]
[BlackElo "1310"]

1. e4 2. c5 3. Nf3 4. e6 5. d4 6. cxd4 7. Nxd4 8. a6 9. Nc3 10. b5 11. g3 12. Bb7
13. Bg2 14. Nf6 15. O-O 16. d6 17. Re1 18. Qc7 19. Nd5 20. Nxd5 21. exd5 22. e5
23. f4 24. Be7 25. Nf5 26. Bf6 27. fxe5 28. dxe5 29. Qf3 30. Nd7 31. g4 32. g6
33. Nh6 34. Rf8 35. Bd2 36. Bh4 37. Rf1 38. Nb6 39. g5 40. Nc4 41. Bb4 42. Bxg5
43. Bxf8 44. Nd2 45. Qg3 46. Bxh6 47. Bxh6 48. Nxf1 49. Rxf1 50. Bxd5 51. Bg7
52. Qc5+ 53. Rf2 54. Bxg2 55. Kxg2 56. Qd5+ 57. Kg1 58. Qd1+ 59. Kg2 60. Qd5+
61. Kh3 62. Qe6+ 63. Kh4 64. e4 65. Rf6 66. Qd5 67. Qf4 68. Rd8 69. h3 70. a5
71. Kg3 72. b4 73. h4 74. Ke7 75. h5 76. Rc8 77. hxg6 78. hxg6 79. Ra6 80. Qb7
81. Qd6+ 82. Ke8 83. Qf8+ 84. Kd7 85. Qxf7+ 1-0

[Event "Druzynowe Mistrzostwa Polski Juniorow - II liga"]
[Site "Sypniewo k. Jastrowia"]
[Date "2023-06-14"]
[Round "1.40"]
[White "Feseniuk, Pavlo"]
[Black "Szymczyk, Jan"]
[Result "1/2-1/2"]
[WhiteTitle "II"]
[BlackTitle "II"]
[WhiteElo "1350"]
[BlackElo "1304"]

1. e4 2. c5 3. Nf3 4. Nc6 5. d4 6. cxd4 7. Nxd4 8. g6 9. c4 10. Bg7 11. Be3 12.
Nf6 13. Nc3 14. Ng4 15. Qxg4 16. Nxd4 17. Qd1 18. Ne6 19. Be2 20. b6 21. O-O 22.
Bxc3 23. bxc3 24. Bb7 25. f3 26. Qc7 27. a4 28. O-O 29. Qd2 30. f5 31. exf5 32.
Rxf5 33. f4 34. Raf8 35. g3 36. Nc5 37. Bxc5 38. Rxc5 39. Rad1 40. d6 41. Bg4
42. Bc8 43. Be2 44. Ba6 45. Qe3 46. Bxc4 47. Rc1 48. Bxe2 49. Qxe2 50. Rf7 51.
Qb2 52. Rc4 53. Qb3 54. Qc5+ 55. Kh1 56. d5 57. Rfe1 58. Qc6 59. Kg1 60. Rxa4
61. Re5 62. Ra5 63. Rce1 64. Qc5+ 65. Kh1 66. Rb5 67. Qa4 68. Qc6 69. Kg1 70.
Rc5 71. Qxa7 72. Qc7 73. Qa8+ 74. Qc8 75. Qa7 76. Qc7 77. Qa8+ 78. Rf8 79. Qa2
80. Ra5 81. Qb3 82. Qc5+ 83. Kh1 84. Rb5 85. Qa4 1/2-1/2

[Event "Druzynowe Mistrzostwa Polski Juniorow - II liga"]
[Site "Sypniewo k. Jastrowia"]
[Date "2023-06-14"]
[Round "1.41"]
[White "Banasiak, Adrianna"]
[Black "Kieca, Aleksandra"]
[Result "1-0"]
[WhiteTitle "I"]
[BlackTitle "I++"]
[WhiteElo "1507"]
[BlackElo "1521"]

1. e4 2. c5 3. Nf3 4. e6 5. d4 6. cxd4 7. Nxd4 8. a6 9. Nc3 10. b5 11. g3 12. Bb7
13. Bg2 14. Nf6 15. O-O 16. Qc7 17. Re1 18. d6 19. Nd5 20. Nxd5 21. exd5 22. e5
23. f4 24. Be7 25. Nf5 26. Bf6 27. a4 28. bxa4 29. fxe5 30. dxe5 31. d6 32. Qd7
33. Bxb7 34. Qxb7 35. Qg4 36. g6 37. Qxa4+ 38. Qd7 39. Ne3 40. Qxa4 41. Rxa4 42.
Nc6 43. Nd5 44. Bd8 45. c4 46. Kd7 47. c5 48. Nd4 49. Kg2 50. f6 51. Be3 52. Nc2
53. Rc1 54. Nxe3+ 55. Nxe3 56. Kc6 57. b4 58. Kb5 59. Rca1 60. a5 61. Nd5 62.
Rb8 63. Rxa5+ 64. Bxa5 65. Rxa5+ 66. Kc4 67. c6 68. Rbd8 69. d7 70. e4 71. Rc5+
72. Kd4 73. Nxf6 74. e3 75. Rd5+ 76. Kc4 77. c7 78. e2 79. Kf2 80. Rxd7 81. Rxd7
1-0

[Event "Druzynowe Mistrzostwa Polski Juniorow - II liga"]
[Site "Sypniewo k. Jastrowia"]
[Date "2023-06-14"]
[Round "1.42"]
[White "Gorecka, Laura"]
[Black "Grad, Barbara"]
[Result "0-1"]
[WhiteTitle "II+"]
[BlackTitle "II"]
[WhiteElo "1158"]
[BlackElo "1161"]

1. e4 2. c5 3. Nf3 4. Nc6 5. Bb5 6. g6 7. Bxc6 8. dxc6 9. h3 10. Bg7 11. d3 12.
Nf6 13. Nc3 14. O-O 15. Be3 16. Qb6 17. Qc1 18. Rd8 19. O-O 20. Qa5 21. e5 22.
Nd5 23. Bd2 24. Qc7 25. Re1 26. Bf5 27. Bh6 28. Bh8 29. Nxd5 30. Rxd5 31. Bf4
32. Bg7 33. e6 34. Qb6 35. exf7+ 36. Kxf7 37. Ne5+ 38. Kg8 39. Nc4 40. Qd8 41.
Ne5 42. Qf8 43. Qe3 44. b6 45. Nxc6 46. Kh8 47. Nxe7 48. Re8 49. Qf3 50. Rdd8
51. Nxf5 52. Qxf5 53. Rxe8+ 54. Rxe8 55. Qc6 56. Rf8 57. Bd6 58. Qxf2+ 59. Kh1
60. Qf6 61. Qd5 62. Rd8 63. Re1 64. Rxd6 65. Re8+ 66. Bf8 67. Qa8 68. Qf1+ 69.
Kh2 70. Rf6 71. Qxa7 72. Qf4+ 73. Kh1 74. Qd6 75. Kg1 76. Rf5 77. Qa3 78. Qf6
79. Kh2 80. Rf2 81. Qa4 82. Qd6+ 83. Kg1 84. Qg3 85. Qa8 86. Qf4 87. Re1 88. Rxc2
89. Rf1 90. Qd4+ 91. Kh1 92. Rf2 93. Rxf2 94. Qxf2 95. b3 96. Qf7 97. Qb8 98.
Qf6 99. Kh2 100. Qd6+ 101. Qxd6 102. Bxd6+ 103. Kg1 104. Kg7 105. Kf2 106. Kf6
107. Kf3 108. Ke5 109. Ke3 110. Kd5 111. g4 112. h6 113. a4 114. Be7 115. d4 116.
cxd4+ 117. Kd3 118. Bb4 119. h4 120. Be1 121. h5 122. gxh5 123. gxh5 124. Bb4
125. Ke2 126. Ke4 127. Kd1 128. Ke3 129. a5 130. Bxa5 131. b4 132. Bxb4 133. Kc1
134. Ke2 135. Kc2 136. d3+ 137. Kb2 138. d2 139. Ka2 140. d1=Q 141. Kb2 142. Qd2+
143. Ka1 144. Bc3+ 145. Kb1 146. Qb2# 0-1

[Event "Druzynowe Mistrzostwa Polski Juniorow - II liga"]
[Site "Sypniewo k. Jastrowia"]
[Date "2023-06-14"]
[Round "1.43"]
[White "Grzadka, Artur"]
[Black "Lechowski, Witold"]
[Result "0-1"]
[WhiteTitle "I"]
[BlackTitle "I"]
[WhiteElo "1770"]
[BlackElo "1635"]

1. e4 2. c5 3. Nf3 4. d6 5. d4 6. cxd4 7. Nxd4 8. Nf6 9. Nc3 10. a6 11. Be3 12.
e5 13. Nb3 14. Be7 15. h3 16. O-O 17. Qf3 18. Be6 19. O-O-O 20. b5 21. g4 22.
b4 23. Nd5 24. Bxd5 25. exd5 26. a5 27. Bd3 28. a4 29. Nd2 30. Qc7 31. Kb1 32.
a3 33. b3 34. Rc8 35. Nc4 36. Nbd7 37. g5 38. Ne8 39. Rhg1 40. g6 41. Qg4 42.
Ng7 43. h4 44. Nh5 45. f4 46. exf4 47. Bxf4 48. Nb6 49. Bd2 50. Rab8 51. Ne3 52.
Nd7 53. Qd4 54. Bf8 55. Ng4 56. Qc5 57. Qe4 58. Re8 59. Qc4 60. Qxc4 61. Bxc4
62. Nc5 63. c3 64. Ne4 65. cxb4 66. Nxd2+ 67. Rxd2 68. Rxb4 69. Rf2 70. Re4 71.
Rgg2 72. Rexc4 0-1

[Event "Druzynowe Mistrzostwa Polski Juniorow - II liga"]
[Site "Sypniewo k. Jastrowia"]
[Date "2023-06-14"]
[Round "1.44"]
[White "Czak, Dominik"]
[Black "Dysko, Michal"]
[Result "1/2-1/2"]
[WhiteTitle "I"]
[BlackTitle "II+"]
[WhiteElo "1583"]
[BlackElo "1500"]

1. d4 2. Nf6 3. c4 4. e6 5. Nc3 6. d5 7. Nf3 8. Nbd7 9. Bg5 10. c6 11. e3 12. Qa5
13. Bxf6 14. Nxf6 15. Bd3 16. Bb4 17. Qc2 18. c5 19. O-O 20. dxc4 21. Bxc4 22.
cxd4 23. exd4 24. O-O 25. Bd3 26. Rd8 27. Ne4 28. Nd5 29. a3 30. Bf8 31. Neg5
32. g6 33. Ne5 34. f5 35. Bc4 36. Qb6 37. Ngf3 38. Bd7 39. Bxd5 40. exd5 41. Nxd7
42. Rxd7 43. Rac1 44. Bh6 45. Ne5 46. Rdd8 47. Rcd1 48. Rac8 49. Qd3 50. Rc7 51.
b4 52. Rdc8 53. Qb3 54. Qd6 55. Qh3 56. Bg7 57. Qf3 58. Rc3 59. Rd3 60. Rxd3 61.
Nxd3 62. Rc3 63. Qe2 64. Bxd4 65. Re1 66. Rc7 67. g3 68. Kf7 69. Qe8+ 70. Kg7
71. Nf4 72. Kh6 73. Qe2 74. Bc3 75. Rd1 76. d4 77. Qd3 78. Qe5 79. Ne2 80. Re7
1/2-1/2

[Event "Druzynowe Mistrzostwa Polski Juniorow - II liga"]
[Site "Sypniewo k. Jastrowia"]
[Date "2023-06-14"]
[Round "1.45"]
[White "Olejko, Wojciech"]
[Black "Galla, Wiktor"]
[Result "1-0"]
[WhiteTitle "II"]
[BlackTitle "II"]
[WhiteElo "1288"]
[BlackElo "1479"]

1. d4 2. d5 3. c4 4. e6 5. Nf3 6. Nf6 7. g3 8. b6 9. Bg2 10. Bb7 11. O-O 12. Bd6
13. Nbd2 14. Nbd7 15. b3 16. O-O 17. Bb2 18. dxc4 19. Nxc4 20. Be7 21. Rc1 22.
b5 23. Na5 24. Bd5 25. Ne5 26. Bxg2 27. Kxg2 28. Nb8 29. Kg1 30. Bd6 31. Nac6
32. Nxc6 33. Nxc6 34. Qd7 35. Qc2 36. Rfc8 37. e4 38. Bf8 39. Rfd1 40. a6 41.
Qe2 42. h6 43. Qf3 44. Nh7 45. h4 46. Bd6 47. d5 48. exd5 49. Rxd5 50. Qe6 51.
Nd4 52. Qg6 53. Nf5 54. Bf8 55. Bxg7 56. c6 57. Bxf8 58. Kxf8 59. Rd6 60. Nf6
61. Rcxc6 62. Rxc6 63. Rxc6 64. Qg4 65. Qxg4 66. Nxg4 67. Nxh6 68. Ne5 69. Rd6
70. Ke7 71. Nf5+ 72. Ke8 73. Kg2 74. b4 75. h5 76. Kf8 77. h6 78. Kg8 79. Ne7+
80. Kh7 81. Nd5 82. a5 83. Ne3 84. a4 85. f4 86. Ng6 87. Rd7 88. Nh8 89. Rb7 90.
axb3 91. axb3 92. Ra2+ 93. Kf3 94. Kxh6 95. Rxb4 96. Ng6 97. Nf5+ 98. Kh7 99.
Rb7 100. Kg8 101. Nh6+ 102. Kf8 103. Rxf7+ 104. Ke8 105. Rb7 106. Ne7 107. f5
108. Nc6 109. f6 110. Ra3 111. Kf4 112. Nd4 113. f7+ 1-0